000 00358nam a2200145Ia 4500
008 210210b1980 xxu||||| |||| 00| 0 eng d
020 _a0 04 301119 5
082 _a305.4 DELS
100 _aDELAMONT (Sara).
245 _aSociology of women.
260 _aLondon
_bGeorge Allen & unwin.
_c1980
300 _a244
690 _aWomen Studies
906 _a037177
999 _c87674
_d87674